000 00342nam a2200133 i 4500
001 bg
100 1 _aISKIERKA, Stanisław
245 0 _aĆwiczenia z metaloznawstwa i obróbki cieplnej /
_cStanisław Iskierka.
260 _aCzęstochowa,
_c1971.
040 _cBPK
041 _apol
942 _cKS
008 s pl f |000 0 pol
999 _c7446
_d7446
856 _uhttp://koha.tu.koszalin.pl/cgi-bin/koha/opac-detail.pl?biblionumber=7446
_yKatalog online BPK